| 000 | 00437nam a2200145Ia 4500 | ||
|---|---|---|---|
| 008 | 220204s9999 xx 000 0 und d | ||
| 020 | _a8186397825 | ||
| 082 |
_a58=573.14 _bMAN.5 |
||
| 100 | _aManilal | ||
| 245 | 0 | _aVan Reedinte Hortus Malabaricus (Malabar poonthottam): Malayalam pathippu. (12vols). vol. 5 | |
| 250 | _aMalayalam | ||
| 260 |
_aThiruvanathapuram _bUniversity of Kerala _c2008 |
||
| 650 | _aKerala plants | ||
| 942 | _cBK | ||
| 999 |
_c43237 _d43237 |
||